000 00619cam a22002053a 4500
001 41060
003 PGUSA
005 20140828083926.0
008 121014s2012||||xxu|||||s|||||000 | eng d
040 _aPGUSA
_beng
042 _adc
100 1 _aMultatuli,
_d1820-1887
245 1 0 _aMinnebrieven; Over Vrijen-Arbeid in Nederlandsch Indiƫ; Indrukken van den dag
_h[electronic resource] /
_cMultatuli
260 _bProject Gutenberg,
_c2012
506 _aPublic domain in the USA.
516 _aElectronic text
830 0 _aProject Gutenberg
_v41060
856 4 0 _uhttp://www.gutenberg.org/ebooks/41060
942 _cEB
999 _c270312
_d270312